El ejercicio del criterio : (Registro nro. 10780)

Detalles MARC
000 -LIDER
fixed length control field 01052nam a22003495b 4500
001 - NÚMERO DE CONTROL
Identificador de número de control o000046
003 - IDENTIFICACDOR DE NÚMERO DE CONTROL
control field DO-SdBNP
005 - DATE AND TIME OF LATEST TRANSACTION
control field 20171122113239.0
007 - CAMPOS FIJOS DE DESCRIPCIÓN FÍSICA
fixed length control field o000046
008 - ELEMENTOS DE LONGITUD FIJA
fixed length control field 960109s1995 sp | ||| ||spa
016 7# - NO. DE CONTROL DE LA AGENCIA BIB. NACIONAL
Record control number
Source BPMSU
017 ## - NÚMERO DE REGISTRO DE DERECHOS DE AUTOR
Copyright or legal deposit number
Assigning agency
020 ## - ISBN
International Standard Book Number 8420481823
035 ## - NÚMERO LOCAL
System control number
040 ## - FUENTE DE CATALOGACIÓN
Agencia que crea de manera original el registro BPMSU
Idioma de catalogación spa
Agencia que realiza la transcripción BPMSU
Convenciones de la despripción
080 #0 - NÚMERO DE CLASIFICACIÓN DECIMAL UNIVERSAL
Universal Decimal Classification number
082 #4 - NÚMERO DE CLASIFICACIÓN DECIMAL DE DEWEY
Classification number U868.44
Item number B462e
100 1# - ASIENTO PRINCIPAL -- NOMBRE PERSONAL
Nombre personal Benedetti, Mario
Fechas asociadas con el nombre 1920-2009
245 13 - MENCIÓN DE TITULO
Título El ejercicio del criterio :
Subtítulo obra crítica 1950-1994 /
Medio (Designación general de material)
Mención de responsabilidad Mario Benedetti
260 ## - PUBLICACIÓN, DISTRIBUCIÓN, ETC. (PIE DE IMPRENTA)
Lugar de publicación, distribución, etc Madrid :
Nombre del editor, distribuidor, etc. Alfaguara,
Fecha de publicación, distribución, etc 1995
300 ## - DESCRIPCIÓN FÍSICA
Extensión 574 p. ;
Dimensiones 24 cm
490 ## - MENCIÓN DE SERIES
Mención de serie Textos de escritor
500 ## - NOTA GENERAL
Nota general Incluye datos biográficos del autor en la solapa de la cubierta
500 ## - NOTA GENERAL
Nota general Incluye notas al pie de las páginas
504 ## - NOTA DE BIBLIOGRAFÍA, ETC.
Bibliography, etc
600 ## - ENCABEZAMIENTO DE MATERIA--NOMBRE PERSONAL
Nombre personal Benedetti, Mario
Fechas asociadas con el nombre 1920-2009
Subdivisión de forma Colecciones de escritos .
650 #7 - ENCABEZAMIENTO DE MATERIA--TEMÁTICO
Término temático o nombre geográfico como elemento de entrada Literatura uruguaya.
Fuente del encabezamiento o término
830 ## - ASIENTO SECUNDARIO DE SERIE--TÍTULO UNIFORME
Título uniforme Textos de escritor
942 ## - ADDED ENTRY ELEMENTS (KOHA)
Source of classification or shelving scheme Dewey Decimal Classification
Koha item type Libros
945 ## - INFORMACIÓN DE PROCESAMIENTO LOCAL
Información de procesamiento local Inventario extranjero / 02017 VM
956 ## - LOCAL ELECTRONIC LOCATION AND ACCESS (OCLC)
Nombre de host VMATEO
Número de acceso 10
Información de compresión 20160708
Trayectoria BPMSU
Nombre Electrónico 0069
Existencias
Withdrawn status Lost status Source of classification or shelving scheme Damaged status Not for loan Collection code Home library Current library Date acquired Source of acquisition Total Checkouts Full call number Barcode Date last seen Price effective from Koha item type Copy number
    Dewey Decimal Classification     Colección General Biblioteca Pública Metropolitana Salomé Ureña Biblioteca Pública Metropolitana Salomé Ureña 07/08/2016 ALFAGUARA   U868.44 B462e BPMSU16070266 07/08/2016 07/08/2016 Libros  
    Dewey Decimal Classification     Colección General Biblioteca Pública Metropolitana Salomé Ureña Biblioteca Pública Metropolitana Salomé Ureña 07/08/2016 ALFAGUARA   U868.44 B462e BPMSU16070267 07/08/2016 07/08/2016 Libros e. 2
    Dewey Decimal Classification     Colección General Biblioteca Pública Metropolitana Salomé Ureña Biblioteca Pública Metropolitana Salomé Ureña 07/08/2016 ALFAGUARA   U868.44 B462e BPMSU16070268 07/08/2016 07/08/2016 Libros e. 3